| 000 | 01733nam a2200433 i 4500 | ||
|---|---|---|---|
| 001 | DIGARTEP0166 | ||
| 003 | NyNyDIG | ||
| 007 | cr ||||||||||| | ||
| 008 | 221213s2003 txua co 000 j eng d | ||
| 006 | m o d | ||
| 035 | _a(OCoLC)853717138 | ||
| 040 |
_aDGITA _beng _erda _epn _cDGITA |
||
| 020 |
_a9781558855663 _qeBook |
||
| 020 | _z9781558854093 | ||
| 041 | 0 |
_aeng _aspa |
|
| 050 | 1 | 4 | _aPZ73 ebook |
| 100 | 1 |
_aBrammer, Ethriam Cash, _eauthor. |
|
| 245 | 1 | 4 |
_aThe rowdy, rowdy ranch / _cby Ethriam Cash Brammer ; illustrations by D. Nina Cruz = Allá en el Rancho Grande / por Ethriam Cash Brammer ; ilustraciones de D. Nina Cruz. |
| 246 | 3 | 1 | _aAllá en el Rancho Grande |
| 264 | 1 |
_aHouston, Texas : _bPiñata Books : _bArte Público Press, _c[2003] |
|
| 300 |
_a1 online resource : _bcolor illustrations. |
||
| 336 |
_atext _btxt _2rdacontent |
||
| 337 |
_acomputer _bc _2rdamedia |
||
| 338 |
_aonline resource _bcr _2rdacarrier |
||
| 347 |
_atext file _2rdaft |
||
| 347 | _bPDF | ||
| 546 | _aText in English and Spanish. | ||
| 588 | 0 | _aOnline resource; title from PDF title page (Digitalia, viewed December 13, 2022) | |
| 650 | 0 |
_aMexican Americans _vJuvenile fiction. |
|
| 650 | 0 |
_aRanch life _vJuvenile fiction. |
|
| 655 | 7 |
_aShort stories. _2lcgft |
|
| 700 | 1 |
_aCruz, D. Nina, _eillustrator. |
|
| 791 | 2 |
_aDigitalia (Firm), _edistributor. |
|
| 793 | 0 |
_gDigitalia eBook Collection: _aArte Publico Press |
|
| 776 | 0 | 8 |
_iPrint version: _aBrammer, Ethriam Cash. _tRowdy, rowdy ranch. _dHouston, Texas : Piñata Books : Arte Público Press, [2003] _z9781558854093 |
| 856 | 4 | 0 |
_3Digitalia Hispánica _uhttps://www.digitaliapublishing.com/a/23186/ |
| 910 | _aPremium collection: 2022 | ||
| 942 | _cRAA | ||
| 999 |
_c237523 _d237523 |
||